ՀՀ Գիտությունների ազգային ակադեմիայի հիմնարար գիտական գրադարան  =   Fundamental Scientific Library of NAS RA

Pour l'Armenie libre : (Record no. 164839)

MARC details
000 -LEADER
fixed length control field 00675cam a22002051 4500
001 - CONTROL NUMBER
control field 000453159
003 - CONTROL NUMBER IDENTIFIER
control field AM-YeHGA
005 - DATE AND TIME OF LATEST TRANSACTION
control field 20250618072502.0
008 - FIXED-LENGTH DATA ELEMENTS--GENERAL INFORMATION
fixed length control field 860304s1919 fr |||||||||||000|0|fre|d
040 ## - CATALOGING SOURCE
Original cataloging agency AM-YeHGA
041 0# - LANGUAGE CODE
Language code of text/sound track or separate title eng
090 ## - LOCALLY ASSIGNED LC-TYPE CALL NUMBER (OCLC); LOCAL CALL NUMBER (RLIN)
-- 166263
100 1# - MAIN ENTRY--PERSONAL NAME
Personal name Mauclair, Camille,
Dates associated with a name 1872-
245 00 - TITLE STATEMENT
Title Pour l'Armenie libre :
Remainder of title Pages ecrites au cours de la grande guerre /
Statement of responsibility, etc. Camille Mauclair.
260 ## - PUBLICATION, DISTRIBUTION, ETC.
Place of publication, distribution, etc. Paris :
Name of publisher, distributor, etc. Imprimerie M. Flinikowski,
Date of publication, distribution, etc. 1919.
300 ## - PHYSICAL DESCRIPTION
Extent 56 p.
Dimensions 21 cm.
440 #0 - SERIES STATEMENT/ADDED ENTRY--TITLE
Title Commission de propagande Armenienne. [Publications]
Volume/sequential designation I
651 #0 - SUBJECT ADDED ENTRY--GEOGRAPHIC NAME
Geographic name Armenia
650 #0 - SUBJECT ADDED ENTRY--TOPICAL TERM
Topical term or geographic name entry element Համաշխարհային պատերազմ, 1914-1918
Geographic subdivision Հայաստան
9 (RLIN) 8620
Holdings
Withdrawn status Lost status Damaged status Not for loan Collection Home library Current library Date acquired Total checkouts Full call number Barcode Date last seen Price effective from Koha item type Public note
        General Fundamental Scientific Library Fundamental Scientific Library 28/12/2016   947.925 320112484 28/12/2016 28/12/2016 Գրքեր / Books 30 Days Loan


ՀՀ ԳԱԱ հիմնարար գիտական գրադարան
ՀՀ,Երևան 0019
Մարշալ Բաղրամյան 24/6
հեռախոս:(374-10) 52-47-50
Հետադարձ կապ

All site content, except where otherwise noted, is licensed under a
Creative Commons License